• 首页
  • 本馆介绍
  • 公告通知
  • 最新文献
  • 馆藏检索
  • 电子资源
  • 读者导购
  • 参考咨询
  • 我的图书馆
  • 登录
  • 详细信息显示
  • 放入我的书架
  • 预约/预借图书
  • 作者相关作品
  • 分类相关作品
  • 丛书相关作品
  • 出版社相关作品

书目信息

  • 表格格式
  • 工作单格式
  • 卡片格式
题名:
地球的外貌
    
 
作者: ;北京师范学院地球的外貌编写小组 编
分册:  
出版信息: 北京   商务印书馆  1973
页数: 90页
开本: 19cm
丛书名:
单 册:
中图分类: P312.2
科图分类:
主题词: 地球形状 , 岩石--物理学 , 固体地球物理学
电子资源:
ISBN:
000 00719nam0 2200253 45 980
001 0660501399
005 20060801164858.62
010    @dCNY0.18
091    @a12017.189
100    @a19970321d1973 em y0chiy0121 ea
101 0  @achi
102    @aCN@b110000
105    @af z 000yy
106    @ar
200 10 @a地球的外貌@Adi qiu de wai mao@f北京师范学院《地球的外貌》编写小组编
210    @a北京@c商务印书馆@d1973
215    @a90页@c图@d19cm
606    @a地球形状
606 0  @a岩石@x物理学
606 0  @a固体地球物理学
690    @aP312.2@v3
711 02 @a北京师范学院地球的外貌编写小组@4编@Abei jing shi fan xue yuan di qiu de wai mao bian xie xiao zu
801 0  @c20060801
905    @a10447@dP312.2@e68
    
    地球的外貌/北京师范学院《地球的外貌》编写小组编 .-北京:商务印书馆,1973
    90页:图;19cm
    
    
    ISBN :CNY0.18
    
●
相关链接 在E读中查询图书 在五车中查询图书 在当当中查询图书 在豆瓣中查询图书


正题名:地球的外貌     索取号:P312.2/68         预约/预借

序号 登录号 条形码 馆藏地/架位号 状态 备注
1 0439346   204393469   密集书库/ [索取号:P312.2/68] 在馆    
唐山师范学院图书馆 欢迎您!
大连网信软件有限公司© 版权所有